Statistics for Jax Jones Charting Songs (Billboard Hot Dance)

Click here to take the quiz!

General Stats

  • This quiz has been taken 11 times
    (7 since last reset)
  • The average score is 10 of 14

Answer Stats

AlbumWeeks OnPeakArtist(s)Song% Correct
Snacks24 Weeks#13Jax Jones ft. RAYEYou Don't Know Me
100%
Non-Album Single20 Weeks#13Jax Jones & Au/RaI Miss U
100%
Snacks20 Weeks#12Jax Jones ft. Ina WroldsenBreathe
75%
EP126 Weeks#13Duke Dumont ft. Jax JonesI Got U
75%
Snacks20 Weeks#14Jax Jones, Martin Solveig & Madison BeerAll Day and Night
75%
Snacks7 Weeks#15Jess Glynne & Jax JonesOne Touch
75%
Snacks20 Weeks#22Jax Jones ft. Demi Lovato & Stefflon DonInstruction
75%
Snacks (Supersize)20 Weeks#25Jax Jones & Ella HendersonThis Is Real
75%
Snacks20 Weeks#28Jax Jones & Bebe RexhaHarder
75%
Snacks8 Weeks#33Jax Jones ft. Mabel & Rich The KidRing Ring
75%
Europa2 Weeks#39Jax Jones & Martin Solveig Staring RAYETequila
75%
Snacks (Supersize)3 Weeks#35Jax Jones & Tove LoJacques
50%
Snacks4 Weeks#34Jax Jones & Years & YearsPlay
25%
Snacks1 Week#48Jax Jones ft. Mike Dunn & MNEKHouse Work
25%

Score Distribution

Percentile by Number Answered

Percent of People with Each Score

Your Score History

You have not taken this quiz since the last reset